000 00436nam a2200157 4500
001 122159
003 ES-MaACL
005 20230906191924.0
007 t|
008 070214s1966 sp r ||||1| spa d
100 1 _aPrieto, Pedro M.
_993905
245 1 3 _aLa gran conquista
_b: educar a tus hijos /
_cPedro M. Prieto.
260 _aBilbao :
_bMensajero,
_c1966.
300 _a317 p. ;
_c19 cm.
852 _aES-MaACL
_jC-29915
_bR.60241
999 _c122159
_d122159